000 00588nam a22002177a 4500
001 00028897
005 20260425093046.0
008 260425b ag ||||| |||| 00| 0 spa d
020 _a8441308969
040 _aAR-CcCEOS
_bspa
_cAR-CcCEOS
041 _aspa
080 _a944:7
090 _bGRU v.1
100 1 _aGrunfeld, Frederic V.
_91109
245 _aLos reyes franceses :
_bVolumen I /
_cFrederic V. Grunfeld
264 _aBarcelona :
_bFolio,
_c1998.
300 _a104 p. ;
_c24x18 cm.
490 _vAtlas culturales del mundo
655 0 _aarte
_9138
942 _2udc
_cBK
_n0
999 _c28941
_d28941